Loading...
| Fine Arts - Classical Music | 6 | 15.00 | 100% | 33% | 17% |
| Fine Arts - Other | 5 | 14.00 | 100% | 40% | 0% |
| Fine Arts - Painting and Sculpture | 5 | 12.00 | 100% | 20% | 0% |
| Geography | 1 | 20.00 | 100% | 100% | 0% |
| History - American | 4 | 15.00 | 100% | 50% | 0% |
| History - European | 4 | 22.50 | 100% | 100% | 25% |
| History - Other | 5 | 12.00 | 100% | 20% | 0% |
| History - World | 2 | 20.00 | 100% | 50% | 50% |
| Literature - American | 4 | 12.50 | 100% | 25% | 0% |
| Literature - British | 6 | 8.33 | 83% | 0% | 0% |
| Literature - European | 6 | 13.33 | 83% | 50% | 0% |
| Literature - World | 4 | 10.00 | 75% | 25% | 0% |
| Mythology | 7 | 17.14 | 100% | 57% | 14% |
| Philosophy | 4 | 20.00 | 100% | 75% | 25% |
| Popular Culture | 3 | 20.00 | 100% | 100% | 0% |
| Religion | 5 | 16.00 | 100% | 60% | 0% |
| Science - Biology | 7 | 17.14 | 100% | 71% | 0% |
| Science - Chemistry | 5 | 20.00 | 100% | 80% | 20% |
| Science - Other | 3 | 13.33 | 100% | 33% | 0% |
| Science - Physics | 3 | 16.67 | 100% | 33% | 33% |
| Social Science | 4 | 17.50 | 75% | 75% | 25% |